BIBLIOTHÈQUE DE LA MAISON DU MEXIQUE

Logo 1 Logo 2

Diccionario biográfico del gobierno mexicano (notice nᵒ 356)

détails MARC
000 -Sello discográfico
campo de control de longitud fija 01038nam a2200301 4500
005 - Identificación de versión
campo de control 20260129121547.0
010 ## - Número Estándar Internacional de Libros (ISBN)
Número (ISBN) 968-820-399-8
035 ## - Otros números de control del sistema
Número de control del sistema 19590
099 ## - fechas locales
Tipo de ítem Koha LIBRO
100 ## - Datos de procesamiento general
Datos de procesamiento general 19941115d1989 m y1spay5003 ba
101 ## - Idioma del recurso
Idioma del texto, banda sonora, etc. Español; Castellano
105 ## - Campo de datos codificados: Material textual, monográfico
Datos codificados de monografía a 001zy
200 1# - Título y mención de responsabilidad
Título propio Diccionario biográfico del gobierno mexicano
Designación general del material texto impreso
Primer mención de responsabilidad Presidencia de la República, Unidad de la Crónica Presidencial
205 ## - Declaración de edición
Declaración de edición 3a ed
210 ## - Publicación, distribución, etc.
Lugar de publicación, distribución, etc. México
Nombre del editor, distribuidor, etc. Editorial Diana
Fecha de publicación, distribución, etc. 1989
215 ## - Descripción física
Designación de material específico y extensión del ítem 1020 p
Otras características físicas il.
Dimensiones 28 cm
300 ## - Notas generales
Texto de la nota Contiene organigramas
345 ## - Nota de información de adquisición
Fuente de adquisición/dirección de la suscripción [OBSOLETO] Donación
606 ## - Término temático usado como materia
Elemento de entrada Funcionarios y empleados públicos
Subdivisión geográfica México
Subdivisión temática Diccionarios
Número Koha 1105
607 ## - Nombre geográfico utilizado como tema
Elemento de entrada México
Subdivisión temática Política y gobierno
-- Biografía
Número Koha 1106
607 ## - Nombre geográfico utilizado como tema
Elemento de entrada México
Subdivisión temática Política y gobierno
-- Diccionarios
Número Koha 1107
660 ## - Código de área geográfica
Código MX
710 ## - Nombre de entidad corporativa - Responsabilidad primaria
Elemento de entrada MEXICO. Presidencia de la República
Subdivisión Unidad de la Crónica Presidencial
Número Koha 1108
801 #0 - Fuente de origen
Agencia cm
País FR
Reglas de catalogación (convenciones descriptivas) AFNOR
942 ## - ELEMENTOS DE ENTRADA SECUNDARIOS (KOHA)
Tipo de ítem Koha Livre
Exemplaires
Estatus retirado Estado de daño Estado de pérdida Fuente de la clasificación o esquema de estantería Fecha de adquisición Biblioteca de origen Biblioteca actual Código de barras Precio de reemplazo Signatura topográfica completa No para préstamo Tipo de ítem Koha Nota no pública
      Clasificación Decimal Dewey 29/01/2026 Casa México Paris Casa México Paris 001835 29/01/2026 320.972 M611di   Livre 751145101